Science Quiz

Random Science or Clickable Quiz
Score 0/22 Timer 02:00
3 Plays Today
% Correct
Bald Eagle
96.9%
Hummingbird
93.8%
Cardinal
90.8%
Raven
90.6%
Heron
88.7%
Pelican
88.2%
Albatross
87.4%
Vulture
86.1%
Cuckoo
85.2%
Pheasant
79.1%
Vampire Finch
76.4%
% Correct
Mute Swan
75.8%
Ibis
73.8%
Marabou Stork
73.5%
Flamingo
73.4%
Great Tit
71.1%
Goldeneye
65.4%
Kookaburra
64.7%
Blue-footed Booby
62.7%
Peacock
55.3%
Honeyguide
53%
Woodnymph
48%
Remove Ads.
Support Sporcle.
Get the best of Sporcle when you Go Orange. This ad-free experience offers more features, more stats, and more fun while also helping to support Sporcle. Thank you for becoming a member.

You're not logged in!

Compare scores with friends on all Sporcle quizzes.
OR
Log In

Show Comments

Extras

Top Quizzes Today


Score Distribution

Your Account Isn't Verified!

In order to create a playlist on Sporcle, you need to verify the email address you used during registration. Go to your Sporcle Settings to finish the process.

Report this User

Report this user for behavior that violates our Community Guidelines.

Details: